000 00308nam a2200121Ia 4500
008 190902s9999||||xx |||||||||||||| ||und||
020 _a81-7245-346-9
100 _aEllen Guffey
245 0 _aBusiness Communiaction Process & Product
260 _aLondon
_bThe McGraw-Hill
_c2000
300 _a246
942 _cBK
999 _c2785
_d2785